000 00453nam a2200193Ia 4500
005 20240823044935.0
008 240823s9999||||xx |||||||||||||| ||und||
020 _a81-7473-077-X
041 _aENGLISH
082 _A658.82 P2
100 _a"Burnett,John J"
245 0 _aPromotion Management
250 _a1st
260 _c2002
_b"AITBS,"
_aDelhi
500 _aYES
650 _aManagement
_bManagement Studies
942 _cBK
999 _c213794
_d213794